[Event "Andalucia ch 2007-08"]
[Site "Motril ESP"]
[Date "2008.05.17"]
[Round "4.10"]
[White "Osuna Vega, Enrique"]
[Black "Vazquez Rodriguez, Jorge"]
[Result "0-1"]
[WhiteElo "2145"]
[BlackElo "1989"]
[PlyCount "98"]
[EventDate "2008.05.10"]
[EventType "swiss"]
[EventRounds "8"]
[EventCountry "ESP"]
[Source "lmi"]
[SourceDate "2008.05.10"]

1. e4 e5 2. d4 exd4 3. Bc4 Nc6 4. Nf3 Nf6 5. e5 d5 6. Bb5 Nd7 7. O-O Be7 8. Re1
O-O 9. Bxc6 bxc6 10. Nxd4 Nb8 11. Qf3 Bc5 12. Nb3 Bb6 13. Nc3 Be6 14. Be3 Nd7
15. Qg3 f5 16. exf6 Qxf6 17. Bd4 Bxd4 18. Nxd4 Rae8 19. Nxe6 Rxe6 20. Rxe6 Qxe6
21. f3 Re8 22. Kf1 d4 23. Ne4 Qc4+ 24. Kg1 Qxc2 25. Qxc7 Nf6 26. Nxf6+ gxf6 27.
Qg3+ Kf7 28. Qh3 c5 29. Qh5+ Qg6 30. Qxc5 Qd3 31. Qxa7+ Re7 32. Qa3 Qd2 33.
Qb3+ Kg7 34. Qd1 Qxb2 35. Qc1 Qe2 36. a4 d3 37. Qd1 Qe5 38. Ra2 Qd4+ 39. Kf1
Qh4 40. g3 Qh3+ 41. Kg1 Qf5 42. Rd2 Rd7 43. Kg2 h5 44. Qb3 h4 45. Qc4 h3+ 46.
Kf2 Kf8 47. Qb5 Qe6 48. Rxd3 Re7 49. Qb8+ Kg7 0-1

[Event "Andalucia ch 2007-08"]
[Site "Motril ESP"]
[Date "2008.05.17"]
[Round "4.11"]
[White "Ortega Valle, Jose Ramon"]
[Black "Jimenez Bernal, Francisco"]
[Result "1-0"]
[WhiteElo "1962"]
[BlackElo "2095"]
[PlyCount "65"]
[EventDate "2008.05.10"]
[EventType "swiss"]
[EventRounds "8"]
[EventCountry "ESP"]
[Source "lmi"]
[SourceDate "2008.05.10"]

1. Nf3 Nf6 2. g3 d5 3. Bg2 Bg4 4. O-O c6 5. d3 Nbd7 6. h3 Bxf3 7. Bxf3 e5 8.
Nd2 Bc5 9. c4 O-O 10. a4 a5 11. cxd5 Nxd5 12. Qb3 Nb4 13. Ne4 Kh8 14. Nxc5 Nxc5
15. Qc3 Qd4 16. Be3 Qxc3 17. bxc3 Nbxd3 18. exd3 Nxd3 19. Be4 Nb2 20. Rfb1 Nc4
21. Rxb7 Nd6 22. Bxc6 Nxb7 23. Bxb7 Rab8 24. Bd5 f5 25. c4 h6 26. Bd2 f4 27.
gxf4 exf4 28. Bxa5 Rb3 29. Bc7 Rxh3 30. a5 Rf5 31. Kg2 Rh4 32. a6 Rg5+ 33. Kf3
1-0

[Event "Andalucia ch 2007-08"]
[Site "Motril ESP"]
[Date "2008.05.17"]
[Round "4.12"]
[White "Aranaz Murillo, Amalia"]
[Black "Cuesta Bustos, Raul"]
[Result "1-0"]
[WhiteElo "1903"]
[BlackElo "2103"]
[PlyCount "73"]
[EventDate "2008.05.10"]
[EventType "swiss"]
[EventRounds "8"]
[EventCountry "ESP"]
[Source "lmi"]
[SourceDate "2008.05.10"]

1. Nf3 Nf6 2. c4 g6 3. Nc3 Bg7 4. e4 d6 5. d4 O-O 6. Be2 e5 7. d5 a5 8. Bg5 h6
9. Bh4 Na6 10. O-O Qe8 11. Nd2 Nh7 12. f3 f5 13. a3 Bd7 14. Bf2 f4 15. Rb1 g5
16. b4 axb4 17. axb4 b6 18. Qb3 h5 19. Ra1 Qc8 20. Ra2 Qd8 21. Rfa1 Bc8 22. c5
Nxc5 23. bxc5 Rxa2 24. Rxa2 bxc5 25. Ra8 Qe7 26. Ba6 Bd7 27. Rxf8+ Nxf8 28. Qb7
g4 29. Bb5 g3 30. hxg3 fxg3 31. Be3 Qh4 32. Nf1 Bh3 33. Ne2 Qf6 34. gxh3 Qxf3
35. Nexg3 h4 36. Be2 Qf6 37. Nf5 1-0

[Event "Andalucia ch 2007-08"]
[Site "Motril ESP"]
[Date "2008.05.17"]
[Round "4.13"]
[White "Lupion Linares, Mariano"]
[Black "Rios Del Moral, Neftali"]
[Result "0-1"]
[WhiteElo "1905"]
[BlackElo "2170"]
[PlyCount "60"]
[EventDate "2008.05.10"]
[EventType "swiss"]
[EventRounds "8"]
[EventCountry "ESP"]
[Source "lmi"]
[SourceDate "2008.05.10"]

1. d4 d5 2. c4 e6 3. Nc3 f5 4. Nf3 Nf6 5. Bf4 Be7 6. e3 c6 7. h3 O-O 8. Bd3 Ne4
9. Qc2 Nd7 10. O-O Qe8 11. Ne5 Nxe5 12. Bxe5 Bf6 13. Bh2 b6 14. cxd5 exd5 15.
b4 Bb7 16. Bxe4 dxe4 17. Na4 Rc8 18. Rac1 Qe6 19. Rfd1 Rfd8 20. Nb2 Be7 21. a3
b5 22. Qc3 a5 23. Be5 Rd5 24. Rd2 Rf8 25. f3 Bd6 26. Nd3 exd3 27. e4 fxe4 28.
fxe4 Rxe5 29. dxe5 Bxe5 30. Qxd3 Bf4 0-1

[Event "Andalucia ch 2007-08"]
[Site "Motril ESP"]
[Date "2008.05.17"]
[Round "4.14"]
[White "Torres Bosch, Jose Francisco"]
[Black "Bolle, Leendert"]
[Result "1-0"]
[WhiteElo "2146"]
[BlackElo "1973"]
[PlyCount "83"]
[EventDate "2008.05.10"]
[EventType "swiss"]
[EventRounds "8"]
[EventCountry "ESP"]
[Source "lmi"]
[SourceDate "2008.05.10"]

1. e4 c5 2. Nc3 Nc6 3. f4 g6 4. Nf3 Bg7 5. Bc4 e6 6. d3 Nge7 7. Be3 d6 8. Qd2
Nd4 9. Bxd4 cxd4 10. Ne2 Qb6 11. O-O O-O 12. Kh1 Nc6 13. c3 dxc3 14. bxc3 Na5
15. Bb3 Nxb3 16. axb3 e5 17. fxe5 dxe5 18. c4 Bg4 19. Nc3 h6 20. Nd5 Qd6 21. b4
Be6 22. Ra5 a6 23. Rfa1 Rab8 24. Rb1 f5 25. b5 Kh7 26. Qa2 fxe4 27. dxe4 axb5
28. Raxb5 Bg4 29. Rb6 Qd8 30. Qf2 Qc8 31. Qg3 g5 32. Nxe5 Be2 33. h4 g4 34. Nc6
Ra8 35. Ne5 h5 36. Qe3 Qd8 37. Rxb7 Qxh4+ 38. Kg1 g3 39. Rxg7+ Kxg7 40. Rb7+
Kg8 41. Ne7+ Qxe7 42. Qxg3+ 1-0

[Event "Andalucia ch 2007-08"]
[Site "Motril ESP"]
[Date "2008.05.17"]
[Round "4.15"]
[White "Barranco Del Pino, Antonio"]
[Black "Herrera Mellado, Luis"]
[Result "0-1"]
[WhiteElo "1919"]
[BlackElo "2109"]
[PlyCount "130"]
[EventDate "2008.05.10"]
[EventType "swiss"]
[EventRounds "8"]
[EventCountry "ESP"]
[Source "lmi"]
[SourceDate "2008.05.10"]

1. d4 d5 2. e3 Nf6 3. c4 c6 4. Nf3 e6 5. Bd3 Bd6 6. Nc3 Nbd7 7. O-O O-O 8. Re1
h6 9. c5 Bc7 10. b4 e5 11. Bf5 e4 12. Bxd7 Bxd7 13. Nd2 Ng4 14. Nf1 f5 15. f4
exf3 16. Qxf3 Nxh2 17. Qh5 Ng4 18. Bd2 Qf6 19. g3 g6 20. Qh1 Kg7 21. Qf3 g5 22.
a4 Rae8 23. b5 Qg6 24. Kg2 Nf6 25. a5 g4 26. Qd1 cxb5 27. a6 b4 28. Na4 Qh5 29.
axb7 Bb5 30. Re2 Ne4 31. Be1 Bxe2 32. Qxe2 Qh3+ 33. Kg1 a5 34. Ra2 Ng5 35. Qg2
Nf3+ 36. Kf2 Qxg2+ 37. Kxg2 Nxe1+ 38. Kf2 Nf3 39. Rc2 Ng5 40. c6 Ne6 41. Nd2
Kf7 42. Nb3 Ke7 43. Nc1 Kd6 44. Nd3 h5 45. Ne5 Ng5 46. Kg2 Rxe5 47. dxe5+ Kxe5
48. Nc5 Kd6 49. Nb3 Ne6 50. Kf2 a4 51. Nd2 b3 52. Rc3 Ba5 53. c7 Nxc7 54. Rd3
Bxd2 55. Rxd2 Rb8 56. e4 Rxb7 57. Ke3 a3 58. Kf4 b2 59. e5+ Ke6 60. Kg5 b1=Q
61. Rf2 Qc1+ 62. Rf4 Kxe5 63. Kg6 Qc6+ 64. Kg5 Ne6+ 65. Kh4 Nxf4 0-1

[Event "Andalucia ch 2007-08"]
[Site "Motril ESP"]
[Date "2008.05.18"]
[Round "5.1"]
[White "Gavilan Diaz, Mario"]
[Black "Garcia Rodriguez, Victor"]
[Result "1-0"]
[WhiteElo "2300"]
[BlackElo "2098"]
[PlyCount "99"]
[EventDate "2008.05.10"]
[EventType "swiss"]
[EventRounds "8"]
[EventCountry "ESP"]
[Source "lmi"]
[SourceDate "2008.05.10"]

1. d4 d5 2. c4 e6 3. Nc3 Nf6 4. cxd5 exd5 5. Bg5 Be7 6. e3 O-O 7. Bd3 b6 8.
Bxf6 Bxf6 9. Qh5 g6 10. Qxd5 c6 11. Qxd8 Rxd8 12. Nge2 Bb7 13. Be4 Nd7 14. O-O
Rac8 15. Rfd1 Ba6 16. Bd3 Bb7 17. Rac1 c5 18. d5 Ne5 19. Bb1 Ba6 20. h3 Bg7 21.
f4 Nd7 22. b3 b5 23. Ne4 f5 24. Ng5 Nf6 25. e4 fxe4 26. Nxe4 b4 27. Bd3 Nxe4
28. Bxa6 Rc7 29. Bd3 Nc3 30. Nxc3 Bxc3 31. Bc4 Kg7 32. Rd3 Rd6 33. Rf1 Kf6 34.
g4 Re7 35. Rdf3 Re1 36. Rxe1 Bxe1 37. Re3 Bd2 38. Re4 g5 39. f5 Bc3 40. Re8 Rd7
41. Re6+ Kg7 42. d6 Kf8 43. Bb5 Rd8 44. d7 Kg7 45. Re7+ Kh6 46. Kg2 a5 47. Kf3
Bf6 48. Re8 Kg7 49. Ke4 Kf7 50. Kd5 1-0

[Event "Andalucia ch 2007-08"]
[Site "Motril ESP"]
[Date "2008.05.18"]
[Round "5.2"]
[White "Gallardo Fernandez, Cesar"]
[Black "Gonzalez Galvan, Juan Manuel"]
[Result "1/2-1/2"]
[WhiteElo "2136"]
[BlackElo "2259"]
[PlyCount "58"]
[EventDate "2008.05.10"]
[EventType "swiss"]
[EventRounds "8"]
[EventCountry "ESP"]
[Source "lmi"]
[SourceDate "2008.05.10"]

1. e4 c5 2. c3 Nf6 3. e5 Nd5 4. d4 cxd4 5. Nf3 Nc6 6. Bc4 Nb6 7. Bb3 d5 8. exd6
Qxd6 9. Na3 a6 10. cxd4 e6 11. O-O Be7 12. Re1 Nb4 13. Ne5 N4d5 14. Qf3 O-O 15.
Bc2 Qb4 16. Rd1 f5 17. Bb3 Bf6 18. Nc2 Qd6 19. Nc4 Nxc4 20. Bxc4 Bd7 21. b3 Bc6
22. Ba3 Qc7 23. Bxf8 Rxf8 24. Bxd5 Bxd5 25. Qe2 Qd6 26. Ne3 Bc6 27. Rac1 f4 28.
d5 exd5 29. Nf5 Qb4 1/2-1/2

[Event "Andalucia ch 2007-08"]
[Site "Motril ESP"]
[Date "2008.05.18"]
[Round "5.3"]
[White "Weber, Francois"]
[Black "Lopez Gonzalez, Daniel"]
[Result "1-0"]
[WhiteElo "2185"]
[BlackElo "2204"]
[PlyCount "55"]
[EventDate "2008.05.10"]
[EventType "swiss"]
[EventRounds "8"]
[EventCountry "ESP"]
[Source "lmi"]
[SourceDate "2008.05.10"]

1. e4 e5 2. d4 exd4 3. Qxd4 Nc6 4. Qe3 Nf6 5. Nc3 Bb4 6. Bd2 O-O 7. O-O-O Re8
8. Qg3 d6 9. f3 Ne5 10. h4 Kh8 11. h5 h6 12. Qh4 Be6 13. g4 Nh7 14. Qg3 Nc4 15.
Bxc4 Bxc4 16. Nh3 c6 17. a3 Qa5 18. axb4 Qa1+ 19. Nb1 Ba2 20. Bc3 Bxb1 21. Kd2
d5 22. Rxb1 Qa4 23. b3 Qb5 24. Kc1 dxe4 25. fxe4 f6 26. Re1 Rad8 27. Qf2 b6 28.
Qe2 1-0

[Event "Andalucia ch 2007-08"]
[Site "Motril ESP"]
[Date "2008.05.18"]
[Round "5.4"]
[White "Herrera Mellado, Luis"]
[Black "Fernandez Siles, Luis"]
[Result "1/2-1/2"]
[WhiteElo "2109"]
[BlackElo "2305"]
[PlyCount "83"]
[EventDate "2008.05.10"]
[EventType "swiss"]
[EventRounds "8"]
[EventCountry "ESP"]
[Source "lmi"]
[SourceDate "2008.05.10"]

1. d4 Nf6 2. c4 c5 3. d5 e6 4. Nc3 exd5 5. cxd5 d6 6. Nf3 g6 7. e4 Bg7 8. Be2
O-O 9. O-O Bg4 10. Nd2 Bxe2 11. Qxe2 Re8 12. Qd3 a6 13. a4 Nbd7 14. Nc4 Ne5 15.
Nxe5 Rxe5 16. Bf4 Re8 17. h3 Qe7 18. Rae1 Nd7 19. Bh2 Rab8 20. f4 Bd4+ 21. Kh1
f6 22. Bg1 Bxc3 23. Qxc3 b5 24. axb5 Rxb5 25. Re2 Reb8 26. Rfe1 Rb3 27. Qc1 Qg7
28. Bh2 Re8 29. Qc4 Rb5 30. Qa4 Nb6 31. Qxa6 Qd7 32. Qa3 c4 33. Qc3 Qd8 34. Bg1
Rf8 35. Bxb6 Qxb6 36. e5 fxe5 37. fxe5 Qc5 38. exd6 Rb3 39. Qe5 Rd3 40. Qe6+
Kh8 41. Qe7 Kg8 42. Qe6+ 1/2-1/2

[Event "Andalucia ch 2007-08"]
[Site "Motril ESP"]
[Date "2008.05.18"]
[Round "5.5"]
[White "Rios Del Moral, Neftali"]
[Black "Terron Elena, Francisco Miguel"]
[Result "1/2-1/2"]
[WhiteElo "2170"]
[BlackElo "2295"]
[PlyCount "66"]
[EventDate "2008.05.10"]
[EventType "swiss"]
[EventRounds "8"]
[EventCountry "ESP"]
[Source "lmi"]
[SourceDate "2008.05.10"]

1. d4 Nf6 2. Nf3 g6 3. Bf4 Bg7 4. e3 O-O 5. Be2 d6 6. h3 b6 7. O-O Bb7 8. a4
Nc6 9. Bh2 e6 10. c3 a5 11. Qc2 Qe7 12. Na3 e5 13. Rfe1 e4 14. Nd2 h5 15. Nb5
Bh6 16. d5 Nb8 17. c4 Na6 18. Nb3 Nd7 19. Nc3 Rae8 20. Nd4 Nb4 21. Qd1 Nc5 22.
Na2 Nbd3 23. Bxd3 Nxd3 24. Re2 Nxf2 25. Kxf2 f5 26. Ne6 Rf7 27. Kg1 g5 28. Nc3
Bc8 29. Rf2 Bxe6 30. dxe6 Qxe6 31. Qd5 Qg6 32. g4 hxg4 33. hxg4 fxg4 1/2-1/2

[Event "Andalucia ch 2007-08"]
[Site "Motril ESP"]
[Date "2008.05.18"]
[Round "5.6"]
[White "Camacho Collados, Jose"]
[Black "Torres Bosch, Jose Francisco"]
[Result "1-0"]
[WhiteElo "2258"]
[BlackElo "2146"]
[PlyCount "75"]
[EventDate "2008.05.10"]
[EventType "swiss"]
[EventRounds "8"]
[EventCountry "ESP"]
[Source "lmi"]
[SourceDate "2008.05.10"]

1. Nf3 d5 2. g3 Nf6 3. Bg2 Nbd7 4. c4 c6 5. d4 e6 6. O-O Be7 7. b3 Ne4 8. Nfd2
Nxd2 9. Nxd2 f5 10. f3 Bg5 11. Kh1 Qf6 12. e4 Qxd4 13. Rb1 Bxd2 14. Bxd2 O-O
15. Qc2 Nf6 16. Bc3 Qb6 17. Qd2 dxe4 18. fxe4 Ng4 19. Rbe1 e5 20. h3 Rf6 21.
Ba5 Qc5 22. Bb4 Qb6 23. c5 Qc7 24. hxg4 fxg4 25. Rxf6 gxf6 26. Rf1 Kg7 27. Ba5
b6 28. cxb6 axb6 29. Bxb6 Qxb6 30. Qd6 f5 31. Qe7+ Kg8 32. Qe8+ Kg7 33. exf5
Ba6 34. f6+ Kh6 35. Qxa8 Bxf1 36. Qf8+ Kg5 37. Qg7+ Kh5 38. Be4 1-0

[Event "Andalucia ch 2007-08"]
[Site "Motril ESP"]
[Date "2008.05.18"]
[Round "5.7"]
[White "Fernandez Montoro, Jorge"]
[Black "Ortega Valle, Jose Ramon"]
[Result "1-0"]
[WhiteElo "2216"]
[BlackElo "1962"]
[PlyCount "73"]
[EventDate "2008.05.10"]
[EventType "swiss"]
[EventRounds "8"]
[EventCountry "ESP"]
[Source "lmi"]
[SourceDate "2008.05.10"]

1. e4 g6 2. d4 Bg7 3. Nc3 c6 4. Nf3 d6 5. Be3 Nf6 6. h3 O-O 7. Qd2 Qa5 8. Bd3
e5 9. dxe5 dxe5 10. Bh6 Rd8 11. Bxg7 Kxg7 12. O-O Nbd7 13. a3 Nf8 14. Qg5 N8d7
15. Nh4 Nf8 16. f4 h6 17. Qxe5 Qxe5 18. fxe5 N6d7 19. Nf3 Re8 20. Bc4 Nb6 21.
Bb3 Be6 22. Rf2 Bxb3 23. cxb3 Nbd7 24. Raf1 Re7 25. b4 Ne6 26. b5 Rf8 27. bxc6
bxc6 28. Rc2 Ng5 29. Nd4 Nxe5 30. h4 Ne6 31. Nf5+ gxf5 32. exf5 f6 33. fxe6
Rxe6 34. Rf4 Rb8 35. Ne2 Kg6 36. Ra4 Rb7 37. Nf4+ 1-0

[Event "Andalucia ch 2007-08"]
[Site "Motril ESP"]
[Date "2008.05.18"]
[Round "5.8"]
[White "Claros Egea, Christian"]
[Black "Aranaz Murillo, Amalia"]
[Result "1-0"]
[WhiteElo "2240"]
[BlackElo "1903"]
[PlyCount "61"]
[EventDate "2008.05.10"]
[EventType "swiss"]
[EventRounds "8"]
[EventCountry "ESP"]
[Source "lmi"]
[SourceDate "2008.05.10"]

1. e4 c6 2. d4 d5 3. exd5 cxd5 4. c4 Nf6 5. Nc3 e6 6. Nf3 Bb4 7. cxd5 Nxd5 8.
Bd2 Nc6 9. Bd3 O-O 10. O-O Be7 11. Qe2 Bf6 12. Qe4 g6 13. Bh6 Re8 14. Bb5 Nde7
15. Ne5 Bd7 16. Qf4 Nf5 17. Ne4 Nxe5 18. Nxf6+ Qxf6 19. dxe5 Qd8 20. Bg5 Qc8
21. Rac1 Bxb5 22. Rxc8 Rexc8 23. Rc1 Bc6 24. g4 Ng7 25. Bh6 Ne8 26. Qb4 Ng7 27.
Bg5 Rc7 28. h4 Rac8 29. Qd4 a6 30. h5 Rd7 31. Rxc6 1-0

[Event "Andalucia ch 2007-08"]
[Site "Motril ESP"]
[Date "2008.05.18"]
[Round "5.9"]
[White "Vazquez Rodriguez, Jorge"]
[Black "Naranjo Moreno, Antonio"]
[Result "0-1"]
[WhiteElo "1989"]
[BlackElo "2265"]
[PlyCount "151"]
[EventDate "2008.05.10"]
[EventType "swiss"]
[EventRounds "8"]
[EventCountry "ESP"]
[Source "lmi"]
[SourceDate "2008.05.10"]

1. a3 Nf6 2. Nf3 a6 3. c4 g6 4. Nc3 Bg7 5. d4 O-O 6. e4 d6 7. Be2 e5 8. d5 Nh5
9. O-O h6 10. g3 Kh7 11. Ne1 Nf6 12. f4 exf4 13. Bxf4 Bh3 14. Ng2 Nbd7 15. Rc1
Re8 16. Bf3 Ne5 17. Bxe5 Rxe5 18. Re1 Qd7 19. Nf4 Bg4 20. Nd3 Rh5 21. Nf4 Rg5
22. h4 Bxf3 23. Qxf3 Qg4 24. Kf2 Re5 25. Nd3 Re7 26. Kg2 Qxf3+ 27. Kxf3 Nd7 28.
Re2 Rae8 29. Rce1 Bd4 30. Nd1 Kg7 31. b3 g5 32. Ne3 Bxe3 33. Rxe3 Ne5+ 34. Nxe5
Rxe5 35. hxg5 Rxg5 36. Kf4 Kf6 37. Rf3 Reg8 38. Ref1 R8g7 39. Ke3+ Ke7 40. Kf2
Rg4 41. Re3 Kf6 42. Kg2+ Ke5 43. Rfe1 b6 44. Kh3 Kd4 45. R1e2 a5 46. a4 R4g5
47. Rf3 Rg4 48. Rfe3 h5 49. Rf3 Rxe4 50. Rd2+ Kc5 51. Rdd3 Re5 52. Kg2 h4 53.
Kh3 Rxg3+ 54. Rxg3 hxg3 55. Rxg3 Kd4 56. Rg7 Re3+ 57. Kg4 Rxb3 58. Rxf7 Kxc4
59. Rxc7+ Kxd5 60. Kf4 Rb4+ 61. Ke3 Rxa4 62. Kd3 Ra3+ 63. Kc2 Rh3 64. Kb2 b5
65. Kb1 Rh2 66. Rg7 Kc5 67. Ka1 a4 68. Kb1 d5 69. Ka1 Kc4 70. Rg4+ d4 71. Kb1
b4 72. Rf4 a3 73. Rg4 b3 74. Rg1 Kb4 75. Rd1 a2+ 76. Ka1 0-1

[Event "Andalucia ch 2007-08"]
[Site "Motril ESP"]
[Date "2008.05.18"]
[Round "5.10"]
[White "Hernandez Muñoz, Antonio Ramon"]
[Black "Fernandez Montero, Francisco M"]
[Result "1-0"]
[WhiteElo "2024"]
[BlackElo "2191"]
[PlyCount "55"]
[EventDate "2008.05.10"]
[EventType "swiss"]
[EventRounds "8"]
[EventCountry "ESP"]
[Source "lmi"]
[SourceDate "2008.05.10"]

1. e4 c5 2. Nf3 Nc6 3. d4 cxd4 4. Nxd4 Nf6 5. Nc3 e5 6. Ndb5 d6 7. Nd5 Nxd5 8.
exd5 Nb8 9. c4 Be7 10. Be3 a6 11. Nc3 Bg5 12. Bxg5 Qxg5 13. Ne4 Qg6 14. Bd3 f5
15. Ng3 O-O 16. O-O e4 17. Bc2 Nd7 18. f3 exf3 19. Qxf3 Ne5 20. Qf4 Qg4 21.
Qxg4 Nxg4 22. Bxf5 Bxf5 23. Nxf5 Rf6 24. Rae1 Raf8 25. h3 Rxf5 26. Rxf5 Rxf5
27. hxg4 Rf4 28. b3 1-0

[Event "Andalucia ch 2007-08"]
[Site "Motril ESP"]
[Date "2008.05.18"]
[Round "5.11"]
[White "Pereira Figueroa, Manuel"]
[Black "Pintor Muñoz, Antonio"]
[Result "0-1"]
[WhiteElo "2148"]
[BlackElo "1984"]
[PlyCount "70"]
[EventDate "2008.05.10"]
[EventType "swiss"]
[EventRounds "8"]
[EventCountry "ESP"]
[Source "lmi"]
[SourceDate "2008.05.10"]

1. d4 e6 2. c4 f5 3. Nf3 Nf6 4. g3 c6 5. Bg2 d5 6. O-O Bd6 7. b3 Qe7 8. Bb2 O-O
9. Qc1 b6 10. Ne5 Bb7 11. Nd2 Rc8 12. Ndf3 Nbd7 13. Qd1 c5 14. e3 Rc7 15. Rc1
Rac8 16. Re1 Ne4 17. Nxd7 Qxd7 18. Ne5 Bxe5 19. dxe5 dxc4 20. Rxc4 Rd8 21. Rc1
Qe8 22. Qc2 Rd2 23. Qb1 Rxf2 24. Rc2 Rxc2 25. Qxc2 Rd7 26. Rd1 Qd8 27. Bf3 Ng5
28. Be2 Bf3 29. Rxd7 Qxd7 30. Bc4 Bb7 31. h4 Qc6 32. Kf1 Qh1+ 33. Ke2 Qg2+ 34.
Kd1 Bf3+ 35. Kc1 Qg1+ 0-1

[Event "Andalucia ch 2007-08"]
[Site "Motril ESP"]
[Date "2008.05.18"]
[Round "5.12"]
[White "Zamudio Diaz, Angel"]
[Black "Barranco Cara, Francisco Javier"]
[Result "0-1"]
[WhiteElo "2091"]
[BlackElo "2018"]
[PlyCount "72"]
[EventDate "2008.05.10"]
[EventType "swiss"]
[EventRounds "8"]
[EventCountry "ESP"]
[Source "lmi"]
[SourceDate "2008.05.10"]

1. d4 Nf6 2. c4 g6 3. Nc3 Bg7 4. e4 d6 5. f4 c5 6. d5 O-O 7. Nf3 e6 8. dxe6
fxe6 9. Bd3 Nc6 10. O-O Nd4 11. Kh1 Bd7 12. e5 Nh5 13. Ng5 dxe5 14. Nxh7 Qh4
15. Nxf8 Rxf8 16. Kg1 exf4 17. Bd2 f3 18. Qe1 Qg4 19. Rf2 Bc6 20. Nd1 Nf4 21.
Bxf4 Qxf4 22. g3 Qg5 23. Nc3 Be5 24. Ne4 Qg4 25. Qe3 Ne2+ 26. Kf1 Bxb2 27. Rb1
Bd4 28. Qg5 Qxg5 29. Nxg5 Bxf2 30. Kxf2 e5 31. Bxg6 Nc3 32. Rb3 Ne2 33. h4 Nxg3
34. h5 e4 35. Rb1 e3+ 36. Kxg3 f2 0-1

[Event "Andalucia ch 2007-08"]
[Site "Motril ESP"]
[Date "2008.05.18"]
[Round "5.14"]
[White "Martos Exposito, Manuel"]
[Black "Osuna Vega, Enrique"]
[Result "1-0"]
[WhiteElo "2135"]
[BlackElo "2145"]
[PlyCount "78"]
[EventDate "2008.05.10"]
[EventType "swiss"]
[EventRounds "8"]
[EventCountry "ESP"]
[Source "lmi"]
[SourceDate "2008.05.10"]

1. b3 e5 2. Bb2 Nc6 3. e3 Nf6 4. d3 Be7 5. Nd2 O-O 6. g3 d6 7. Bg2 Bg4 8. Ne2
Ne8 9. h3 Bd7 10. g4 f5 11. gxf5 Bxf5 12. Ng3 Be6 13. Qe2 a5 14. a3 Qd7 15. Rg1
d5 16. O-O-O Bd6 17. Nh5 Qe7 18. Nb1 a4 19. b4 Kh8 20. Rdf1 Bf7 21. Ng3 Be6 22.
Nh5 Bf7 23. Ng3 Be6 24. Nc3 Nf6 25. Nb5 Na7 26. Nxd6 cxd6 27. d4 e4 28. Kb1 Bd7
29. Rc1 Rac8 30. f3 exf3 31. Bxf3 Rfe8 32. Qg2 Be6 33. e4 dxe4 34. Nxe4 Nxe4
35. Bxe4 Rc7 36. Rge1 Qf8 37. d5 Bc8 38. Rcd1 Qg8 39. Bd3 Rce7 1-0

[Event "Andalucia ch 2007-08"]
[Site "Motril ESP"]
[Date "2008.05.18"]
[Round "5.15"]
[White "Jimenez Bernal, Francisco"]
[Black "Lupion Linares, Mariano"]
[Result "1-0"]
[WhiteElo "2095"]
[BlackElo "1905"]
[PlyCount "67"]
[EventDate "2008.05.10"]
[EventType "swiss"]
[EventRounds "8"]
[EventCountry "ESP"]
[Source "lmi"]
[SourceDate "2008.05.10"]

1. d4 d5 2. Nf3 Nf6 3. c4 e6 4. g3 Be7 5. Bg2 O-O 6. O-O dxc4 7. Qc2 a6 8. Qxc4
b5 9. Qc2 Bb7 10. Bd2 Be4 11. Qc1 Nc6 12. e3 b4 13. Ne1 Bxg2 14. Nxg2 Qd5 15.
Nf4 Qb5 16. a3 a5 17. a4 Qb7 18. Nd3 Nd7 19. f4 Rac8 20. Be1 Na7 21. Bf2 c5 22.
dxc5 Nxc5 23. Nxc5 Rxc5 24. Qe1 Rc2 25. Nd2 Qd5 26. Rd1 Bc5 27. e4 Bxf2+ 28.
Rxf2 Qd4 29. Nb3 Qxb2 30. Nxa5 Rfc8 31. Qe3 g6 32. Qxa7 Rxf2 33. Qxf2 Rc2 34.
Rd8+ 1-0